<?xml version="1.0" encoding="UTF-8"?><?xml-stylesheet type="text/xsl" href="static/style.xsl"?><OAI-PMH xmlns="http://www.openarchives.org/OAI/2.0/" xmlns:xsi="http://www.w3.org/2001/XMLSchema-instance" xsi:schemaLocation="http://www.openarchives.org/OAI/2.0/ http://www.openarchives.org/OAI/2.0/OAI-PMH.xsd"><responseDate>2026-04-17T04:22:04Z</responseDate><request verb="GetRecord" identifier="oai:www.recercat.cat:10459.1/60482" metadataPrefix="marc">https://recercat.cat/oai/request</request><GetRecord><record><header><identifier>oai:recercat.cat:10459.1/60482</identifier><datestamp>2024-12-05T22:10:00Z</datestamp><setSpec>com_2072_3622</setSpec><setSpec>col_2072_479130</setSpec></header><metadata><record xmlns="http://www.loc.gov/MARC21/slim" xmlns:dcterms="http://purl.org/dc/terms/" xmlns:xsi="http://www.w3.org/2001/XMLSchema-instance" xmlns:doc="http://www.lyncode.com/xoai" xsi:schemaLocation="http://www.loc.gov/MARC21/slim http://www.loc.gov/standards/marcxml/schema/MARC21slim.xsd">
   <leader>00925njm 22002777a 4500</leader>
   <datafield ind2=" " ind1=" " tag="042">
      <subfield code="a">dc</subfield>
   </datafield>
   <datafield ind2=" " ind1=" " tag="720">
      <subfield code="a">Jauset Berrocal, Ana Maria</subfield>
      <subfield code="e">author</subfield>
   </datafield>
   <datafield ind2=" " ind1=" " tag="720">
      <subfield code="a">Edo-Tena, Eva</subfield>
      <subfield code="e">author</subfield>
   </datafield>
   <datafield ind2=" " ind1=" " tag="720">
      <subfield code="a">Parés Casanova, Pere-Miquel</subfield>
      <subfield code="e">author</subfield>
   </datafield>
   <datafield ind2=" " ind1=" " tag="720">
      <subfield code="a">Castañé, C.</subfield>
      <subfield code="e">author</subfield>
   </datafield>
   <datafield ind2=" " ind1=" " tag="720">
      <subfield code="a">Agustí Abella, Núria</subfield>
      <subfield code="e">author</subfield>
   </datafield>
   <datafield ind2=" " ind1=" " tag="720">
      <subfield code="a">Alomar, Òscar</subfield>
      <subfield code="e">author</subfield>
   </datafield>
   <datafield ind2=" " ind1=" " tag="260">
      <subfield code="c">2017-11-14T11:41:43Z</subfield>
   </datafield>
   <datafield ind2=" " ind1=" " tag="260">
      <subfield code="c">2017-11-14T11:41:43Z</subfield>
   </datafield>
   <datafield ind2=" " ind1=" " tag="260">
      <subfield code="c">2017-11-01</subfield>
   </datafield>
   <datafield ind2=" " ind1=" " tag="260">
      <subfield code="c">2017-11-14T11:41:43Z</subfield>
   </datafield>
   <datafield ind2=" " ind1=" " tag="520">
      <subfield code="a">Within the genus Macrolophus (Heteroptera: Miridae), the species M. costalis (Fieber), M. melanotoma (Costa) and M. pygmaeus (Rambur) are present in the Mediterranean region on a wide variety of plant species. While M. costalis can easily be separated from the other two by the black tip at the scutellum, M. pygmaeus and M. melanotoma are cryptic species, extremely similar to one another in external traits, which has resulted in misidentifications. M. pygmaeus is an efficient biological control agent, both in greenhouse and field crops. The misidentification of these cryptic species could limit the effectiveness of biological control programs. Although the morphology of the left paramere of the male genitalia has been used as a character for identification of these two cryptic species, there is controversy surrounding the reliability of this character as a taxonomic tool for these species. Using geometric morphometric techniques, which are a powerful approach in detecting slight shape variations, the left parameres from these three Macrolophus species were compared. The paramere of M. costalis was larger and had a different shape to that of M. melanotoma and M. pygmaeus; however, no differences in size or shape were found between the left paramere of M. melanotoma and that of M. pygmaeus. Therefore, our results confirm that this character is too similar and it cannot be used to discriminate between these two cryptic species.</subfield>
   </datafield>
   <datafield ind2=" " ind1=" " tag="520">
      <subfield code="a">This study has been funded by the Spanish Ministry of Economy and Competitiveness&#xd;
(MINECO) (Project AGL2011-24349 and AGL2014-53970-C2-2-R).</subfield>
   </datafield>
   <datafield ind1="8" ind2=" " tag="024">
      <subfield code="a">http://hdl.handle.net/10459.1/60482</subfield>
   </datafield>
   <datafield tag="653" ind2=" " ind1=" ">
      <subfield code="a">Insect male genitalia</subfield>
   </datafield>
   <datafield tag="653" ind2=" " ind1=" ">
      <subfield code="a">Geometric morphometrics</subfield>
   </datafield>
   <datafield tag="653" ind2=" " ind1=" ">
      <subfield code="a">Macrolophus</subfield>
   </datafield>
   <datafield tag="653" ind2=" " ind1=" ">
      <subfield code="a">Morphology</subfield>
   </datafield>
   <datafield ind2="0" ind1="0" tag="245">
      <subfield code="a">Elliptic Fourier analysis in the study of the male genitalia to discriminate three Macrolophus species (Hemiptera:Miridae)</subfield>
   </datafield>
</record></metadata></record></GetRecord></OAI-PMH>